000 01091naa a22002897a 4500
001 BR7000672
003 BR-BrBNA
005 20240918173411.0
007 ta
008 230509b bl.||||| |||| 00| 0 por d
040 _aBR-BrBNA
_bpor
_cBiblioteca Nacional de Agricultura
041 _a(Pt)
072 _aL72
_b5212
_b4060
_bG514
090 _aL72 BR7000672
100 1 _aPinheiro, A. da C.
111 1 _a12. Congresso Brasileiro de Medicina Veterinaria
_cPorto Alegre, RS (Brazil)
_d23 Aug 1970
245 1 _aEpizootiologia da helmintose dos bovinos de Bage (Rio Grande do Sul - Brasil)[verminose]
260 3 _aPorto Alegre, RS (Brasil):
_c1970.
500 _aAnais do 12. Congresso Brasileiro de Medicina Veterinaria Porto Alegre, RS (Brasil): 1970. p. 247-255 (BR7000672-AM)L72
650 _aBOVINO
650 _aVERMINOSE
650 _aBAGE
650 _aRIO GRANDE DO SUL
773 0 _tAnais do 12. Congresso Brasileiro de Medicina Veterinaria
_wL72 BR7000672
_gPorto Alegre, RS (Brasil), 1970. p. 247-255
909 _a202404
_bLucia
_c55
_dLucia Elande
942 _cAM
_2AGRIS
999 _c304398
_d304398